Vodíkové hospodárstvo

Salvato in:
Dettagli Bibliografici
Autore principale: Oravec, Dominik (Autore)
Altri autori: Farkas Smitková, Miroslava (Relatore della tesi)
Natura: Manoscritto Libro
Lingua:slovacco
Pubblicazione: Bratislava : STU v Bratislave FEI, 2023
Soggetti:
Accesso online:https://opac.crzp.sk/?fn=detailBiblioFormChildQ731D&sid=08878EB2E7E37CD0999B7BC0752B&seo=CRZP-detail-kniha
Tags: Aggiungi Tag
Nessun Tag, puoi essere il primo ad aggiungerne!!

MARC

LEADER 00000ntm a22000003a 4500
001 stuzp91212
003 SK-STU
005 20241118094415.4
007 ta
008 150427s2015----xo-----f-mn---000-0-slo-d
040 |a STU  |b slo 
041 0 |a slo 
044 |a xo 
100 1 |a Oravec, Dominik  |u 032000  |k Z4  |4 aut  |U FEI Fakulta elektrotechniky a informatiky  |T FEI Ústav elektroenergetiky a aplikovanej elektrotechniky  |X 111536  |U E020  |Y 548  |7 111536 
242 0 1 |a Hydrogen Economy  |y eng 
245 1 0 |a Vodíkové hospodárstvo 
260 |a Bratislava :  |b STU v Bratislave FEI,  |c 2023 
300 |a 74 s. 
650 4 |a akumulácia energie  |2 slo 
650 4 |a vodík  |2 slo 
650 4 |a vodíkové hospodárstvo  |2 slo 
650 4 |a skleníkové plyny  |2 slo 
650 4 |a energia  |2 slo 
650 4 |a energy accumulation  |2 eng 
650 4 |a energy  |2 eng 
650 4 |a greenhouse gas  |2 eng 
650 4 |a hydrogen  |2 eng 
650 4 |a hydrogen economy  |2 eng 
700 1 |a Farkas Smitková, Miroslava  |u 032000  |k Z8  |4 ths  |U FEI Fakulta elektrotechniky a informatiky  |T FEI Ústav elektroenergetiky a aplikovanej elektrotechniky  |X 42529  |U E020  |Y 548  |7 A000042529 
856 4 |u https://opac.crzp.sk/?fn=detailBiblioFormChildQ731D&sid=08878EB2E7E37CD0999B7BC0752B&seo=CRZP-detail-kniha